000 01031nam a22002057a 4500
999 _c57580
_d57580
003 Ge_BSU
005 20200806142614.0
008 200806s2018 ge ||||| |||| 00| 0 geo d
020 _a9789941947964
041 _ageo
080 _a349.442(479.22) თ-68
100 _aთოდრაძე, თამაზ.
_98148
245 _aმშენებლობის ნებართვის გაცემის პროცედურა სამშენებლო საქმიანობის ზოგადი რეგულაციები და სასამართლო პრაქტიკა /
_cთამაზ თოდრაძე.
264 _aთბილისი :
_bბონა კაუზა,
_c2018.
300 _a248 გვ. ;
_b 20 სმ.
490 _aიურისტის ბიბლიოთეკა
653 _aსამართალი
653 _a საქართველოს სამშენებლო სამართალი
942 _2udc
_cBK